Studies on the Fauna of Mahatma Gandhi Marine National Park: (Record no. 189048)

MARC details
000 -LEADER
fixed length control field 00658nam a2200193 4500
005 - DATE AND TIME OF LATEST TRANSACTION
control field 20230926122251.0
010 ## - LCCN (DPL NO)
LC control number ENG-133212
020 ## - INTERNATIONAL STANDARD BOOK NUMBER
International Standard Book Number 9788181714442
Terms of availability 1075.00
035 ## - SYSTEM CONTROL NUMBER
System control number EN-116744
037 ## - SOURCE OF ACQUISITION
Source of stock number/acquisition DBAD/PUB
082 ## - DEWEY DECIMAL CLASSIFICATION NUMBER
Classification number 591.95488
100 ## - MAIN ENTRY--PERSONAL NAME
Personal name Devi, Kamla
245 ## - TITLE STATEMENT
Title Studies on the Fauna of Mahatma Gandhi Marine National Park:
Remainder of title South Andaman, w.s.r. to Ixhthyofauna and Entomofauna/
Statement of responsibility, etc By Kamla Devi
260 ## - PUBLICATION, DISTRIBUTION, ETC. (IMPRINT)
Place of publication, distribution, etc Kolkata
Name of publisher, distributor, etc Zoological Survey of India
Date of publication, distribution, etc 2016
270 ## - ADDRESS
Address M-Block, New Alipor
City Kolkata
Postal code 700051
300 ## - PHYSICAL DESCRIPTION
Extent 107p.
Dimensions 24cm(pbk)
700 ## - ADDED ENTRY--PERSONAL NAME
Personal name Suresh Kumar Shah
9 (RLIN) 57463
942 ## - ADDED ENTRY ELEMENTS (KOHA)
Source of classification or shelving scheme Dewey Decimal Classification
Item type English Books
Classification part 591.95486
Call number suffix DEV
Holdings
Withdrawn status Lost status Not for loan Collection code Home library Current library Date acquired Source of acquisition Cost, normal purchase price Full call number Barcode Copy number Cost, replacement price Koha item type
      Non-fiction D.B.Act.Division Mobile Library 10/06/2022 DBAD/PUB 1075.00 591.95486 DEV EN-116744 1 1075.00 English Books

© Delhi Public Library
Hit Counter
free hit counter